[Event "Int SVK-ch Open 2020"]
[Site "Drienica"]
[Date "2020.08.09"]
[Round "3.7"]
[White "Majek, Kacper"]
[Black "Macko, Michal"]
[Result "1/2-1/2"]
[WhiteElo "1970"]
[BlackElo "2148"]
[Annotator "ChessBase"]
[PlyCount "92"]
[EventDate "2020.08.07"]
[EventType "swiss"]
[EventCountry "SVK"]
[SourceTitle "playchess.com"]
[Source "ChessBase"]
[SourceQuality "1"]
[TimeControl "40/5400+30:1800+30"]

1. d4 {[%emt 0:00:00]} Nf6 {[%emt 0:00:43]} 2. c4 {[%emt 0:00:00]} e6 {[%emt 0:00:05]} 3. Nc3 {[%emt 0:00:00]} d5 {[%emt 0:00:16]} 4. Nf3 {[%emt 0:00:00]} c5 {[%emt 0:00:08]} 5. e3 {[%emt 0:00:20]} a6 {[%emt 0:00:05]} 6. a3 {[%emt 0:06:21]} dxc4 {[%emt 0:00:15]} 7. Bxc4 {[%emt 0:00:02]} b5 {[%emt 0:00:13]} 8. Be2 {[%emt 0:00:22]} Bb7 {[%emt 0:00:05]} 9. O-O {[%emt 0:00:12]} Nbd7 {[%emt 0:00:04]} 10. dxc5 {[%emt 0:09:43]} Bxc5 {[%emt 0:00:06]} 11. b4 {[%emt 0:00:26]} Be7 {[%emt 0:00:22]} 12. Bb2 {[%emt 0:01:20]} O-O {[%emt 0:00:12]} 13. Qb3 {[%emt 0:02:29]} Qb6 {[%emt 0:01:50]} 14. Rfd1 {[%emt 0:05:45]} Rac8 {[%emt 0:03:56]} 15. Rab1 {[%emt 0:08:56]} Qa7 {[%emt 0:02:22]} 16. a4 {[%emt 0:15:26]} bxa4 {[%emt 0:00:20]} 17. Qxa4 {[%emt 0:00:10]} Nb6 {[%emt 0:03:10]} 18. Qa1 {[%emt 0:00:23]} Nc4 {[%emt 0:00:35]} 19. b5 {[%emt 0:07:30]} Nxb2 {[%emt 0:00:49]} 20. Qxb2 {[%emt 0:00:08]} a5 {[%emt 0:00:21]} 21. b6 {[%emt 0:01:22]} Qb8 {[%emt 0:00:12]} 22. Nb5 {[%emt 0:00:44]} Bb4 {[%emt 0:01:18]} 23. Ne5 {[%emt 0:13:46]} Be4 {[%emt 0:01:00]} 24. Rbc1 {[%emt 0:04:09]} Rxc1 {[%emt 0:00:12]} 25. Rxc1 {[%emt 0:01:05]} Qxb6 {[%emt 0:00:09]} 26. Nd4 {[%emt 0:02:16]} Qb7 {[%emt 0:07:07]} 27. f3 {[%emt 0:01:25]} Bd5 {[%emt 0:05:28]} 28. e4 {[%emt 0:02:37]} Qb8 {[%emt 0:00:06]} 29. Nd3 {[%emt 0:02:01]} Ba8 {[%emt 0:03:57]} 30. Nxb4 {[%emt 0:01:00]} axb4 {[%emt 0:00:07]} 31. Rb1 {[%emt 0:04:25]} Qa7 {[%emt 0:00:20]} 32. Kf1 {[%emt 0:00:13]} Rb8 {[%emt 0:01:31]} 33. Nb5 {[%emt 0:01:07]} Qe3 {[%emt 0:02:02]} 34. Qb3 {[%emt 0:00:24]} Qf4 {[%emt 0:01:27]} 35. g3 {[%emt 0:04:03]} Qe5 {[%emt 0:01:06]} 36. Qxb4 {[%emt 0:01:22]} Bc6 {[%emt 0:00:23]} 37. Rc1 {[%emt 0:03:55]} Bxb5 {[%emt 0:01:13]} 38. Qxb5 {[%emt 0:00:34]} Qxb5 {[%emt 0:00:19]} 39. Bxb5 {[%emt 0:00:06]} g5 {[%emt 0:00:03]} 40. Rc5 {[%emt 0:01:18]} g4 {[%emt 0:00:08]} 41. Kf2 {[%emt 0:31:05]} h5 {[%emt 0:31:45]} 42. Ke3 {[%emt 0:01:32]} Ra8 {[%emt 0:00:25]} 43. fxg4 {[%emt 0:00:00]} hxg4 {[%emt 0:00:00]} 44. Be2 {[%emt 0:00:00]} Ra2 {[%emt 0:00:00]} 45. Rg5+ {[%emt 0:00:00]} Kf8 {[%emt 0:00:00]} 46. Bxg4 {[%emt 0:00:00]} Rxh2 {[%emt 0:00:00]} 1/2-1/2

[Event "Int SVK-ch Open 2020"]
[Site "Drienica"]
[Date "2020.08.09"]
[Round "3.7"]
[White "Antal, Jakub"]
[Black "Sedlak, Mikulas"]
[Result "1-0"]
[WhiteElo "1939"]
[BlackElo "1573"]
[Annotator "ChessBase"]
[PlyCount "65"]
[EventDate "2020.08.07"]
[EventType "swiss"]
[EventCountry "SVK"]
[SourceTitle "playchess.com"]
[Source "ChessBase"]
[SourceQuality "1"]
[TimeControl "40/5400+30:1800+30"]

1. c4 {[%emt 0:00:00]} e5 {[%emt 0:00:05]} 2. Nc3 {[%emt 0:00:12]} c5 {[%emt 0:00:56]} 3. g3 {[%emt 0:00:42]} Nc6 {[%emt 0:00:28]} 4. Bg2 {[%emt 0:00:18]} Nf6 {[%emt 0:00:33]} 5. d3 {[%emt 0:00:28]} Be7 {[%emt 0:00:31]} 6. Nf3 {[%emt 0:00:15]} d6 {[%emt 0:00:07]} 7. O-O {[%emt 0:00:14]} O-O {[%emt 0:00:20]} 8. a3 {[%emt 0:02:21]} Bd7 {[%emt 0:00:43]} 9. Ne1 {[%emt 0:03:24]} Qc8 {[%emt 0:00:34]} 10. Nc2 {[%emt 0:00:44]} Bh3 11. e4 {[%emt 0:03:53]} Bxg2 {[%emt 0:01:38]} 12. Kxg2 {[%emt 0:00:57]} a6 {[%emt 0:02:18]} 13. Ne3 {[%emt 0:01:16]} Nd4 {[%emt 0:02:15]} 14. f4 {[%emt 0:06:31]} Nd7 {[%emt 0:05:32]} 15. Ncd5 {[%emt 0:04:17]} Bd8 {[%emt 0:00:51]} 16. f5 {[%emt 0:04:14]} f6 {[%emt 0:03:26]} 17. Bd2 {[%emt 0:13:50]} Rf7 {[%emt 0:00:56]} 18. Rf2 {[%emt 0:05:43]} Nb8 {[%emt 0:03:05]} 19. Qh5 {[%emt 0:05:37]} Qd7 {[%emt 0:03:26]} 20. Kh1 {[%emt 0:04:21]} Nb3 {[%emt 0:02:52]} 21. Rg1 {[%emt 0:01:16]} Nxd2 {[%emt 0:00:33]} 22. Rxd2 {[%emt 0:00:06]} Nc6 23. g4 {[%emt 0:01:44]} Nd4 {[%emt 0:05:13]} 24. Rg3 {[%emt 0:02:17]} h6 {[%emt 0:06:53]} 25. Rdg2 {[%emt 0:04:33]} b5 {[%emt 0:06:24]} 26. h4 {[%emt 0:03:36]} Ra7 {[%emt 0:03:23]} 27. g5 {[%emt 0:06:37]} fxg5 {[%emt 0:05:48]} 28. hxg5 {[%emt 0:00:08]} Nxf5 {[%emt 0:03:59]} 29. Nxf5 {[%emt 0:01:35]} Rxf5 {[%emt 0:00:22]} 30. exf5 {[%emt 0:00:11]} Qxf5 {[%emt 0:00:31]} 31. Qe8+ {[%emt 0:00:23]} Qf8 {[%emt 0:00:38]} 32. Qxf8+ {[%emt 0:00:11]} Kxf8 {[%emt 0:00:06]} 33. gxh6 {[%emt 0:00:17]} 1-0

[Event "Int SVK-ch Open 2020"]
[Site "Drienica"]
[Date "2020.08.09"]
[Round "3.8"]
[White "Durica, Daniel"]
[Black "Frink, Ferenc"]
[Result "0-1"]
[WhiteElo "1937"]
[BlackElo "2075"]
[Annotator "ChessBase"]
[PlyCount "42"]
[EventDate "2020.08.07"]
[EventType "swiss"]
[EventCountry "SVK"]
[SourceTitle "playchess.com"]
[Source "ChessBase"]
[SourceQuality "1"]
[TimeControl "40/5400+30:1800+30"]

1. d4 {[%emt 0:00:00]} Nf6 {[%emt 0:00:00]} 2. c4 {[%emt 0:00:21]} Nc6 {[%emt 0:00:10]} 3. Nc3 {[%emt 0:16:56]} e5 {[%emt 0:00:14]} 4. d5 {[%emt 0:01:21]} Ne7 {[%emt 0:00:03]} 5. Bg5 {[%emt 0:02:03]} Ng6 {[%emt 0:00:19]} 6. a3 {[%emt 0:11:26]} Bc5 {[%emt 0:03:22]} 7. Bxf6 {[%emt 0:04:00]} Qxf6 {[%emt 0:00:05]} 8. e3 {[%emt 0:05:29]} a5 {[%emt 0:02:43]} 9. Rb1 {[%emt 0:01:17]} Qe7 {[%emt 0:03:57]} 10. Nb5 {[%emt 0:10:36]} d6 {[%emt 0:02:06]} 11. b4 {[%emt 0:04:09]} Bb6 {[%emt 0:00:40]} 12. c5 {[%emt 0:11:27]} dxc5 {[%emt 0:02:38]} 13. d6 {[%emt 0:00:13]} cxd6 {[%emt 0:00:15]} 14. Nxd6+ {[%emt 0:00:05]} Kf8 {[%emt 0:00:12]} 15. Bc4 {[%emt 0:03:39]} Be6 {[%emt 0:05:14]} 16. Bxe6 {[%emt 0:02:27]} Rd8 {[%emt 0:01:58]} 17. bxc5 {[%emt 0:00:35]} Bxc5 {[%emt 0:00:55]} 18. Rxb7 {[%emt 0:00:19]} Qxe6 {[%emt 0:00:40]} 19. Nf3 {[%emt 0:06:43]} Qxd6 {[%emt 0:01:16]} 20. Qc2 {[%emt 0:01:02]} Qc6 {[%emt 0:01:58]} 21. Qb2 {[%emt 0:09:17]} Bb4+ {[%emt 0:01:08]} 0-1

[Event "Int SVK-ch Open 2020"]
[Site "Drienica"]
[Date "2020.08.09"]
[Round "3.8"]
[White "Striskova, Lucia"]
[Black "Belis, Rudolf"]
[Result "1-0"]
[WhiteElo "1706"]
[BlackElo "1924"]
[Annotator "ChessBase"]
[PlyCount "40"]
[EventDate "2020.08.07"]
[EventType "swiss"]
[EventCountry "SVK"]
[SourceTitle "playchess.com"]
[Source "ChessBase"]
[SourceQuality "1"]
[TimeControl "40/5400+30:1800+30"]

1. e4 {[%emt 0:00:00]} c5 {[%emt 0:00:00]} 2. Nf3 {[%emt 0:00:00]} a6 {[%emt 0:00:00]} 3. Nc3 {[%emt 0:00:07]} b5 {[%emt 0:00:00]} 4. d4 {[%emt 0:00:26]} cxd4 {[%emt 0:00:05]} 5. Nxd4 {[%emt 0:00:09]} Bb7 {[%emt 0:00:06]} 6. Bd3 {[%emt 0:00:56]} Nf6 {[%emt 0:00:09]} 7. O-O {[%emt 0:01:26]} b4 {[%emt 0:00:17]} 8. e5 {[%emt 0:02:33]} bxc3 {[%emt 0:00:26]} 9. exf6 {[%emt 0:00:09]} cxb2 {[%emt 0:00:22]} 10. fxe7 {[%emt 0:01:08]} bxa1=Q {[%emt 0:01:03]} 11. exd8=Q+ Kxd8 {[%emt 0:00:30]} 12. Bg5+ {[%emt 0:00:44]} f6 {[%emt 0:01:22]} 13. Qxa1 fxg5 {[%emt 0:00:05]} 14. Nf5 {[%emt 0:01:44]} Rg8 {[%emt 0:00:57]} 15. Bc4 {[%emt 0:00:27]} d5 {[%emt 0:00:04]} 16. Qd4 {[%emt 0:01:02]} Nd7 {[%emt 0:00:23]} 17. Bxd5 {[%emt 0:00:21]} Bc5 {[%emt 0:00:07]} 18. Qd2 {[%emt 0:00:52]} Bxd5 {[%emt 0:00:09]} 19. Qxd5 {[%emt 0:00:29]} Kc7 {[%emt 0:00:03]} 20. Nxg7 {[%emt 0:01:05]} Rh8 1-0

[Event "Int SVK-ch Open 2020"]
[Site "Drienica"]
[Date "2020.08.09"]
[Round "3.9"]
[White "Orsag, Milan"]
[Black "Bednar, Jan"]
[Result "1/2-1/2"]
[WhiteElo "2300"]
[BlackElo "2018"]
[Annotator "ChessBase"]
[PlyCount "59"]
[EventDate "2020.08.07"]
[EventType "swiss"]
[EventCountry "SVK"]
[SourceTitle "playchess.com"]
[Source "ChessBase"]
[SourceQuality "1"]
[TimeControl "40/5400+30:1800+30"]

1. d4 {[%emt 0:00:00]} Nf6 {[%emt 0:00:00]} 2. c4 {[%emt 0:00:50]} e6 {[%emt 0:00:00]} 3. Nc3 {[%emt 0:02:46]} Bb4 {[%emt 0:00:03]} 4. Qc2 {[%emt 0:00:19]} d5 {[%emt 0:04:31]} 5. e3 {[%emt 0:07:50]} O-O {[%emt 0:01:52]} 6. Bd3 {[%emt 0:04:05]} Nbd7 {[%emt 0:08:55]} 7. Nf3 {[%emt 0:02:07]} c5 {[%emt 0:01:51]} 8. O-O {[%emt 0:07:57]} cxd4 {[%emt 0:03:01]} 9. exd4 {[%emt 0:00:14]} dxc4 {[%emt 0:01:36]} 10. Bxc4 {[%emt 0:00:06]} Nb6 {[%emt 0:08:48]} 11. Bb3 {[%emt 0:01:20]} Bd7 {[%emt 0:01:10]} 12. Ne5 {[%emt 0:04:24]} Rc8 {[%emt 0:03:36]} 13. Qd3 {[%emt 0:04:46]} Nbd5 {[%emt 0:20:22]} 14. Bd2 {[%emt 0:03:52]} Be7 {[%emt 0:11:29]} 15. Rfe1 {[%emt 0:04:18]} Bc6 {[%emt 0:03:53]} 16. Rad1 {[%emt 0:07:37]} Qd6 {[%emt 0:03:17]} 17. Qh3 {[%emt 0:04:34]} Rfd8 {[%emt 0:05:55]} 18. Bg5 {[%emt 0:06:08]} Be8 {[%emt 0:05:44]} 19. Qf3 {[%emt 0:09:08]} h6 {[%emt 0:06:07]} 20. Bc1 {[%emt 0:04:01]} Bf8 {[%emt 0:00:43]} 21. h3 {[%emt 0:02:16]} a6 {[%emt 0:00:49]} 22. Qg3 {[%emt 0:04:54]} Kh8 {[%emt 0:01:05]} 23. Qh4 {[%emt 0:01:41]} Kg8 {[%emt 0:01:46]} 24. Rd3 {[%emt 0:02:44]} Nb4 {[%emt 0:03:29]} 25. Rg3 {[%emt 0:00:36]} Nh7 {[%emt 0:01:23]} 26. Bxh6 {[%emt 0:01:28]} Qxd4 {[%emt 0:01:02]} 27. Re4 {[%emt 0:00:42]} Qd6 {[%emt 0:00:32]} 28. Bxg7 {[%emt 0:01:00]} Bxg7 {[%emt 0:00:06]} 29. Qh6 {[%emt 0:00:16]} Qf8 {[%emt 0:00:39]} 30. Reg4 {[%emt 0:00:12]} 1/2-1/2

[Event "Int SVK-ch Open 2020"]
[Site "Drienica"]
[Date "2020.08.09"]
[Round "3.9"]
[White "Durica, Andrej"]
[Black "Strapec, Lukas"]
[Result "1/2-1/2"]
[WhiteElo "1911"]
[BlackElo "1525"]
[Annotator "ChessBase"]
[PlyCount "126"]
[EventDate "2020.08.07"]
[EventType "swiss"]
[EventCountry "SVK"]
[SourceTitle "playchess.com"]
[Source "ChessBase"]
[SourceQuality "1"]
[TimeControl "40/5400+30:1800+30"]

1. e4 {[%emt 0:00:00]} c5 {[%emt 0:00:00]} 2. d4 {[%emt 0:00:00]} cxd4 {[%emt 0:00:53]} 3. c3 {[%emt 0:00:00]} d3 {[%emt 0:00:47]} 4. Bxd3 {[%emt 0:00:06]} Nc6 {[%emt 0:01:39]} 5. Nf3 {[%emt 0:00:16]} g6 {[%emt 0:02:37]} 6. O-O {[%emt 0:00:47]} Bg7 {[%emt 0:01:17]} 7. c4 {[%emt 0:00:28]} d6 {[%emt 0:01:59]} 8. h3 {[%emt 0:00:14]} Nf6 {[%emt 0:08:04]} 9. Nc3 {[%emt 0:00:08]} O-O {[%emt 0:01:28]} 10. Be3 {[%emt 0:00:26]} Nd7 {[%emt 0:05:44]} 11. Rc1 {[%emt 0:00:35]} Nde5 {[%emt 0:08:16]} 12. Nxe5 {[%emt 0:00:18]} Bxe5 {[%emt 0:11:20]} 13. f4 {[%emt 0:04:51]} Bd4 {[%emt 0:02:24]} 14. Bxd4 {[%emt 0:00:26]} Nxd4 {[%emt 0:00:34]} 15. Bb1 {[%emt 0:00:34]} Nc6 {[%emt 0:08:41]} 16. Qd2 {[%emt 0:08:49]} b6 {[%emt 0:09:04]} 17. Rcd1 {[%emt 0:02:48]} Bb7 {[%emt 0:05:54]} 18. b3 {[%emt 0:01:59]} Qc8 {[%emt 0:01:34]} 19. Nd5 {[%emt 0:01:41]} Rd8 {[%emt 0:02:15]} 20. f5 {[%emt 0:01:05]} Rd7 {[%emt 0:07:11]} 21. fxg6 {[%emt 0:04:52]} hxg6 {[%emt 0:03:26]} 22. Rf4 {[%emt 0:02:51]} Ne5 {[%emt 0:04:25]} 23. Rh4 {[%emt 0:01:32]} Qf8 {[%emt 0:01:15]} 24. Rf1 {[%emt 0:01:42]} Qg7 {[%emt 0:02:41]} 25. Bc2 {[%emt 0:06:32]} f6 {[%emt 0:04:46]} 26. Bd1 {[%emt 0:00:29]} Kf7 {[%emt 0:02:22]} 27. Bg4 {[%emt 0:02:31]} Nxg4 {[%emt 0:01:08]} 28. Rxg4 {[%emt 0:00:21]} Rc8 {[%emt 0:01:23]} 29. Qe3 {[%emt 0:02:20]} Rcd8 {[%emt 0:00:42]} 30. h4 {[%emt 0:03:30]} Ke8 {[%emt 0:00:31]} 31. Nf4 {[%emt 0:01:36]} Qf7 {[%emt 0:00:31]} 32. Nxg6 {[%emt 0:01:26]} Qh7 {[%emt 0:00:22]} 33. Rf5 {[%emt 0:06:34]} Rc8 {[%emt 0:00:34]} 34. Nf4 {[%emt 0:00:23]} Rc5 {[%emt 0:00:29]} 35. Nd5 {[%emt 0:04:49]} Bxd5 {[%emt 0:00:29]} 36. cxd5 {[%emt 0:02:05]} Rdc7 {[%emt 0:00:31]} 37. Qg3 {[%emt 0:00:56]} Rc1+ {[%emt 0:00:31]} 38. Kh2 {[%emt 0:00:25]} R7c3 {[%emt 0:00:16]} 39. Rf3 {[%emt 0:03:00]} R3c2 {[%emt 0:00:33]} 40. Rg7 {[%emt 0:02:33]} Qxe4 {[%emt 0:00:33]} 41. Rg8+ {[%emt 0:33:47]} Kd7 {[%emt 0:30:23]} 42. Qh3+ {[%emt 0:00:14]} f5 {[%emt 0:00:00]} 43. Rxf5 {[%emt 0:00:00]} Kc7 {[%emt 0:00:00]} 44. Rc8+ {[%emt 0:00:00]} Kb7 {[%emt 0:00:00]} 45. Rxc2 {[%emt 0:00:00]} Rxc2 {[%emt 0:00:00]} 46. h5 {[%emt 0:00:00]} Rxg2+ {[%emt 0:00:00]} 47. Qxg2 {[%emt 0:00:00]} Qxf5 {[%emt 0:00:00]} 48. Qh3 {[%emt 0:00:00]} Qf2+ {[%emt 0:00:00]} 49. Kh1 {[%emt 0:00:00]} Qe1+ {[%emt 0:00:00]} 50. Kg2 {[%emt 0:00:00]} Qe2+ {[%emt 0:00:00]} 51. Kg3 {[%emt 0:00:00]} Qe3+ {[%emt 0:00:00]} 52. Kh4 {[%emt 0:00:00]} Qf4+ {[%emt 0:00:00]} 53. Qg4 {[%emt 0:00:00]} Qf2+ {[%emt 0:00:00]} 54. Kh3 {[%emt 0:00:00]} Qf1+ {[%emt 0:00:00]} 55. Qg2 {[%emt 0:00:00]} Qf5+ {[%emt 0:00:00]} 56. Kh4 {[%emt 0:00:00]} Qf4+ {[%emt 0:00:00]} 57. Qg4 {[%emt 0:00:00]} Qf2+ {[%emt 0:00:00]} 58. Kh3 {[%emt 0:00:00]} Qf1+ {[%emt 0:00:00]} 59. Kh2 {[%emt 0:00:00]} Qf2+ {[%emt 0:00:00]} 60. Qg2 {[%emt 0:00:00]} Qh4+ {[%emt 0:00:00]} 61. Qh3 {[%emt 0:00:00]} Qf2+ {[%emt 0:00:00]} 62. Kh1 {[%emt 0:00:00]} Qe1+ {[%emt 0:00:00]} 63. Kg2 {[%emt 0:00:00]} Qe2+ {[%emt 0:00:00]} 1/2-1/2

[Event "Int SVK-ch Open 2020"]
[Site "Drienica"]
[Date "2020.08.09"]
[Round "3.10"]
[White "Juhar, Roman"]
[Black "Sankova, Stella"]
[Result "1-0"]
[WhiteElo "2225"]
[BlackElo "1990"]
[Annotator "RC"]
[PlyCount "105"]
[EventDate "2020.08.07"]
[EventType "swiss"]
[EventCountry "SVK"]
[SourceTitle "playchess.com"]
[Source "ChessBase"]
[SourceQuality "1"]
[TimeControl "40/5400+30:1800+30"]

1. d4 {[%emt 0:00:00]} Nf6 {[%emt 0:00:00]} 2. c4 {[%emt 0:00:00]} e6 {[%emt 0:00:00]} 3. Nf3 {[%emt 0:00:25]} d5 {[%emt 0:00:14]} 4. Bg5 {[%emt 0:00:07]} Bb4+ {[%emt 0:02:57]} 5. Nc3 {[%emt 0:00:09]} dxc4 {[%emt 0:01:20]} 6. e4 {[%emt 0:02:33]} c5 {[%emt 0:00:04]} 7. e5 {[%emt 0:05:03]} cxd4 {[%emt 0:00:15]} 8. exf6 {[%emt 0:01:45]} gxf6 {[%emt 0:00:43]} 9. Bh4 {[%emt 0:09:03]} Nc6 {[%emt 0:05:04]} 10. a3 {[%emt 0:01:42]} Ba5 {[%emt 0:04:54]} 11. Nxd4 {[%emt 0:04:47]} Nxd4 {[%emt 0:02:12]} 12. Bxc4 {[%emt 0:00:17]} Nf5 {[%emt 0:18:23]} 13. Bxf6 {[%emt 0:04:26]} Qxf6 {[%emt 0:00:38]} 14. Qa4+ {[%emt 0:00:05]} Bd7 {[%emt 0:00:12]} 15. Qxa5 {[%emt 0:00:06]} b6 {[%emt 0:10:23]} 16. Qa6 {[%emt 0:02:28]} Qe5+ {[%emt 0:00:54]} 17. Be2 {[%emt 0:01:20]} Nd4 {[%emt 0:03:13]} 18. O-O-O {[%emt 0:04:34]} Rc8 {[%emt 0:07:24]} 19. Rhe1 {[%emt 0:05:13]} O-O {[%emt 0:02:40]} 20. Qd3 {[%emt 0:03:43]} Nb5 {[%emt 0:09:10]} 21. Qxh7+ {[%emt 0:09:49]} Kxh7 {[%emt 0:00:10]} 22. Bd3+ {[%emt 0:00:04]} Kg7 {[%emt 0:01:53]} 23. Rxe5 {[%emt 0:01:22]} Nxc3 {[%emt 0:00:16]} 24. bxc3 {[%emt 0:00:07]} Rxc3+ {[%emt 0:00:11]} 25. Kb2 {[%emt 0:00:06]} Rfc8 {[%emt 0:00:43]} 26. Ba6 {[%emt 0:00:30]} Rc2+ {[%emt 0:08:52]} 27. Kb1 {[%emt 0:00:20]} Rxf2 {[%emt 0:01:28]} 28. Bxc8 {[%emt 0:12:32]} Bxc8 {[%emt 0:00:05]} 29. Rg5+ {[%emt 0:01:46]} Kf6 {[%emt 0:00:09]} 30. h4 {[%emt 0:00:26]} Bb7 {[%emt 0:00:48]} 31. g3 {[%emt 0:05:02]} Be4+ {[%emt 0:03:15]} 32. Ka1 {[%emt 0:00:14]} Rf3 {[%emt 0:01:49]} 33. Kb2 {[%emt 0:01:58]} Bd5 {[%emt 0:00:18]} 34. a4 {[%emt 0:04:31]} Rb3+ {[%emt 0:01:24]} 35. Kc2 {[%emt 0:00:18]} Rb4 {[%emt 0:06:52]} 36. Ra1 {[%emt 0:03:34]} a5 {[%emt 0:01:43]} 37. Rg8 {[%emt 0:01:56]} Bb3+ {[%emt 0:02:15]} 38. Kc3 {[%emt 0:00:19]} Bxa4 {[%emt 0:00:11]} 39. h5 {[%emt 0:00:29]} Rb3+ {[%emt 0:03:39]} 40. Kd2 {[%emt 0:01:44]} Bc6 {[%emt 0:01:18]} 41. Rc1 {[%emt 0:33:11]} Bd5 {[%emt 0:31:36]} 42. h6 {[%emt 0:00:34]} Be4 {[%emt 0:00:00]} 43. Rf1+ {[%emt 0:00:00]} Ke7 {[%emt 0:00:00]} 44. Rf4 {[%emt 0:00:00]} Rb2+ {[%emt 0:00:00]} 45. Kc3 {[%emt 0:00:00]} Rh2 {[%emt 0:00:00]} 46. Rxe4 {[%emt 0:00:00]} Rxh6 {[%emt 0:00:00]} 47. Rb8 {[%emt 0:00:00]} Rg6 {[%emt 0:00:00]} 48. g4 {[%emt 0:00:00]} e5 {[%emt 0:00:00]} 49. Rxe5+ {[%emt 0:00:00]} Kd6 {[%emt 0:00:00]} 50. Re4 {[%emt 0:00:00]} Kd5 {[%emt 0:00:00]} 51. Rf4 {[%emt 0:00:00]} Kc5 {[%emt 0:00:00]} 52. Rf8 {[%emt 0:00:00]} b5 {[%emt 0:00:00]} 53. R8xf7 {[%emt 0:00:00]} 1-0

[Event "Int SVK-ch Open 2020"]
[Site "Drienica"]
[Date "2020.08.09"]
[Round "3.10"]
[White "Cisarik, Pavol"]
[Black "Geffert, Anton"]
[Result "0-1"]
[WhiteElo "1635"]
[BlackElo "1909"]
[Annotator "ChessBase"]
[PlyCount "52"]
[EventDate "2020.08.07"]
[EventType "swiss"]
[EventCountry "SVK"]
[SourceTitle "playchess.com"]
[Source "ChessBase"]
[SourceQuality "1"]
[TimeControl "40/5400+30:1800+30"]

1. e4 {[%emt 0:00:00]} c5 {[%emt 0:00:00]} 2. Nf3 {[%emt 0:00:15]} d6 {[%emt 0:00:00]} 3. Bb5+ {[%emt 0:00:31]} Bd7 {[%emt 0:00:14]} 4. Bxd7+ {[%emt 0:00:33]} Nxd7 {[%emt 0:00:39]} 5. c4 {[%emt 0:01:33]} Ngf6 {[%emt 0:00:47]} 6. Nc3 {[%emt 0:00:09]} e6 {[%emt 0:00:15]} 7. O-O {[%emt 0:01:19]} Be7 {[%emt 0:00:15]} 8. d4 {[%emt 0:03:44]} cxd4 {[%emt 0:00:52]} 9. Qxd4 {[%emt 0:01:36]} O-O {[%emt 0:00:37]} 10. Bg5 {[%emt 0:04:02]} h6 {[%emt 0:00:20]} 11. Bxf6 {[%emt 0:02:56]} Nxf6 {[%emt 0:00:15]} 12. Rad1 {[%emt 0:05:28]} a6 {[%emt 0:02:59]} 13. Rfe1 {[%emt 0:07:10]} Qc7 {[%emt 0:03:05]} 14. b3 {[%emt 0:02:00]} Rfd8 {[%emt 0:01:36]} 15. Na4 {[%emt 0:10:58]} b5 {[%emt 0:03:11]} 16. cxb5 {[%emt 0:01:22]} axb5 {[%emt 0:00:12]} 17. Rc1 {[%emt 0:00:29]} Qa5 {[%emt 0:01:05]} 18. Nc3 {[%emt 0:04:23]} d5 {[%emt 0:10:11]} 19. e5 {[%emt 0:00:37]} b4 {[%emt 0:02:00]} 20. Na4 {[%emt 0:01:32]} Ne4 {[%emt 0:00:43]} 21. Rc6 {[%emt 0:01:59]} Rac8 {[%emt 0:05:26]} 22. Rec1 {[%emt 0:01:18]} Nc3 {[%emt 0:01:55]} 23. R1xc3 {[%emt 0:19:49]} bxc3 {[%emt 0:01:27]} 24. Qxc3 {[%emt 0:02:05]} Qa8 {[%emt 0:05:07]} 25. Nd4 {[%emt 0:03:37]} Bb4 {[%emt 0:11:12]} 26. Qc2 {[%emt 0:02:43]} Rxc6 {[%emt 0:04:02]} 0-1

[Event "Int SVK-ch Open 2020"]
[Site "Drienica"]
[Date "2020.08.09"]
[Round "3.11"]
[White "Brnusak, Tomas"]
[Black "Hros, Roman"]
[Result "1-0"]
[WhiteElo "2044"]
[BlackElo "2199"]
[Annotator "ChessBase"]
[PlyCount "59"]
[EventDate "2020.08.07"]
[EventType "swiss"]
[EventCountry "SVK"]
[SourceTitle "playchess.com"]
[Source "ChessBase"]
[SourceQuality "1"]
[TimeControl "40/5400+30:1800+30"]

1. e4 {[%emt 0:00:00]} c5 {[%emt 0:01:39]} 2. Nf3 {[%emt 0:00:12]} Nc6 {[%emt 0:00:07]} 3. c4 {[%emt 0:00:36]} e5 {[%emt 0:03:07]} 4. Nc3 {[%emt 0:00:28]} d6 {[%emt 0:09:53]} 5. d3 {[%emt 0:01:12]} g6 {[%emt 0:01:34]} 6. g3 {[%emt 0:02:29]} Bg7 {[%emt 0:06:14]} 7. Bg2 {[%emt 0:00:19]} Nge7 {[%emt 0:00:30]} 8. O-O {[%emt 0:02:00]} O-O {[%emt 0:00:17]} 9. a3 {[%emt 0:01:53]} h6 {[%emt 0:04:07]} 10. Rb1 {[%emt 0:03:57]} a5 {[%emt 0:03:12]} 11. Bd2 {[%emt 0:01:24]} f5 {[%emt 0:00:35]} 12. Nd5 {[%emt 0:00:49]} a4 {[%emt 0:23:10]} 13. b4 {[%emt 0:07:36]} axb3 {[%emt 0:00:12]} 14. Rxb3 {[%emt 0:00:13]} Nxd5 {[%emt 0:03:55]} 15. cxd5 {[%emt 0:01:54]} Ne7 {[%emt 0:06:30]} 16. Qa1 {[%emt 0:29:36]} Ra4 {[%emt 0:08:14]} 17. Re1 {[%emt 0:06:21]} c4 {[%emt 0:06:36]} 18. Rb4 {[%emt 0:04:37]} Rxb4 {[%emt 0:00:36]} 19. Bxb4 {[%emt 0:00:07]} cxd3 {[%emt 0:00:43]} 20. Nd2 {[%emt 0:00:10]} f4 {[%emt 0:07:32]} 21. Qc3 {[%emt 0:08:09]} b5 {[%emt 0:03:38]} 22. Ba5 {[%emt 0:04:50]} Qd7 {[%emt 0:00:59]} 23. Qc7 {[%emt 0:00:06]} Bf6 {[%emt 0:04:05]} 24. Qxd7 {[%emt 0:02:05]} Bxd7 {[%emt 0:00:31]} 25. Bb4 {[%emt 0:00:11]} fxg3 {[%emt 0:03:29]} 26. hxg3 {[%emt 0:00:07]} Rc8 {[%emt 0:00:50]} 27. Bf1 {[%emt 0:01:06]} Bg5 {[%emt 0:00:26]} 28. Bxd3 {[%emt 0:00:04]} Kf7 {[%emt 0:00:41]} 29. Nf3 {[%emt 0:00:33]} Rc1 {[%emt 0:00:36]} 30. Nxg5+ {[%emt 0:00:08]} 1-0